[Event "Chigorin Memorial 27th"]
[Site "St Petersburg"]
[Date "2019.10.10"]
[Round "6"]
[White "Dmitriev, Vladimir"]
[Black "Ananjev, Ilija"]
[Result "1-0"]
[WhiteElo "1951"]
[BlackElo "1741"]
[PlyCount "67"]
[EventDate "2019.10.05"]
[EventType "swiss"]
[EventRounds "9"]
[EventCountry "RUS"]
[SourceTitle "EXT 2020"]
[Source "ChessBase"]
[SourceDate "2019.10.17"]
[SourceVersion "1"]
[SourceVersionDate "2019.10.17"]
[SourceQuality "1"]

1. e4 c5 2. Nc3 d6 3. g3 g6 4. Bg2 Bg7 5. Nge2 Nc6 6. d3 e6 7. Be3 Nge7 8. Qd2 Nd4 9. Rc1 Nxe2 10. Qxe2 Qb6 11. Bd2 Qxb2 12. d4 Qb6 13. Rb1 Qd8 14. dxc5 dxc5 15. Qb5+ Bd7 16. Qxb7 Bc6 17. Qa6 Qd7 18. Rd1 Rd8 19. Qa3 Bd4 20. 0-0 0-0 21. Bh6 Rfe8 22. Bg5 Qb7 23. Rfe1 f6 24. Rb1 Qa8 25. Be3 f5 26. Nb5 Rd7 27. c3 Bxe3 28. Rxe3 Red8 29. Qxc5 Rd1+ 30. Re1 Rxb1 31. Rxb1 Bxe4 32. Nc7 Rc8 33. Qxe7 Qc6 34. Nxe6 1-0

[Event "Chigorin Memorial 27th"]
[Site "St Petersburg"]
[Date "2019.10.06"]
[Round "2"]
[White "Kavyev, Ruslan"]
[Black "Ananjev, Ilija"]
[Result "1-0"]
[WhiteElo "2228"]
[BlackElo "1741"]
[PlyCount "69"]
[EventDate "2019.10.05"]
[EventType "swiss"]
[EventRounds "9"]
[EventCountry "RUS"]
[SourceTitle "EXT 2020"]
[Source "ChessBase"]
[SourceDate "2019.10.17"]
[SourceVersion "1"]
[SourceVersionDate "2019.10.17"]
[SourceQuality "1"]

1. e4 c5 2. Nf3 d6 3. d4 cxd4 4. Nxd4 Nf6 5. Nc3 a6 6. g3 g6 7. Bg2 Bg7 8. 0-0 Bg4 9. Qe1 Qd7 10. Bg5 h6 11. Bxf6 Bxf6 12. Nb3 Be6 13. Qe3 Qc7 14. Nd4 Bc4 15. Nd5 Bxd5 16. exd5 Nd7 17. Rad1 Kf8 18. b3 Kg7 19. c4 Rac8 20. h4 h5 21. Bh3 Rcd8 22. Rfe1 Qc5 23. a4 Ne5 24. Kg2 Rhe8 25. Qe4 Kh7 26. Rf1 Nd7 27. Rfe1 Bxd4 28. Rxd4 Nf6 29. Qd3 b5 30. cxb5 axb5 31. b4 Qc7 32. Qxb5 Qa7 33. Red1 Rb8 34. Qc6 Rb6 35. Qc2 1-0